Organic chemistry / (Record no. 72141)
[ view plain ]
| 000 -LEADER | |
|---|---|
| fixed length control field | 00895nam a22002657a 4500 |
| 001 - CONTROL NUMBER | |
| control field | 72141 |
| 003 - CONTROL NUMBER IDENTIFIER | |
| rucl marc code | BD-RjUL |
| 005 - DATE AND TIME OF LATEST TRANSACTION | |
| control field | 20211209082221.0 |
| 008 - FIXED-LENGTH DATA ELEMENTS--GENERAL INFORMATION | |
| fixed length control field | 170514r20021973enka 000 0 eng d |
| 020 ## - INTERNATIONAL STANDARD BOOK NUMBER | |
| International Standard Book Number | 8178081636 |
| 035 ## - SYSTEM CONTROL NUMBER | |
| System control number | (BD-RjUL)72357 |
| 040 ## - CATALOGING SOURCE | |
| Original cataloging agency | TXV |
| Transcribing agency | TXV |
| Modifying agency | MYG |
| -- | BD-RjUL |
| Language of cataloging | eng |
| 041 ## - LANGUAGE CODE | |
| Language code of text/sound track or separate title | eng |
| 082 ## - DEWEY DECIMAL CLASSIFICATION NUMBER | |
| Edition number | 23 |
| Classification number | 547 |
| Author mark and year | FIO 2002 |
| 100 1# - MAIN ENTRY--PERSONAL NAME | |
| Personal name | Finar, I. L. |
| Fuller form of name | (Ivor Lionel) |
| 9 (RLIN) | 118602 |
| 245 10 - TITLE STATEMENT | |
| Title | Organic chemistry / |
| Statement of responsibility, etc. | I. L. Finar |
| 250 ## - EDITION STATEMENT | |
| Edition statement | 6th ed. |
| 260 ## - PUBLICATION, DISTRIBUTION, ETC. (IMPRINT) | |
| Place of publication, distribution, etc. | Harlow [England] : |
| Name of publisher, distributor, etc. | J. Wiley Distributor, |
| Date of publication, distribution, etc. | 1973,[Reprinted 2002] |
| 300 ## - PHYSICAL DESCRIPTION | |
| Pagination | Vol. 1 : |
| Illustrations | ill. ; |
| Size | 25 cm. |
| 500 ## - GENERAL NOTE | |
| General note | American ISBN and distribution statement mounted on p. 4 of cover. |
| 504 ## - BIBLIOGRAPHY, ETC. NOTE | |
| Bibliography, etc | Includes bibliographies and index. |
| 505 0# - FORMATTED CONTENTS NOTE | |
| Formatted contents note | v. 1. The fundamental principles -- v. 2. Stereochemistry and the chemistry of natural products. |
| 650 #0 - SUBJECT ADDED ENTRY--TOPICAL TERM | |
| Topical term or geographic name as entry element | Chemistry, Organic. |
| 9 (RLIN) | 213367 |
| 942 ## - ADDED ENTRY ELEMENTS (KOHA) | |
| Source of classification or shelving scheme | Dewey Decimal Classification |
| Koha item type | Books |
| Lost status | Source of classification or shelving scheme | Damaged status | Not for loan | Collection code | Permanent Location | Current Location | Shelving location | Date acquired | Source of acquisition | Cost, normal purchase price | Total Checkouts | Full call number | Date last seen | Copy number | Koha item type | Date checked out |
|---|---|---|---|---|---|---|---|---|---|---|---|---|---|---|---|---|
| Dewey Decimal Classification | Not For Loan | Non-fiction | Central Library, University of Rajshahi | Central Library, University of Rajshahi | Reading Room | 04/01/2006 | Paragon Ent | 475.00 | 547 FIO V-1 2002 | 14/05/2017 | C-1 | Books | ||||
| Dewey Decimal Classification | Non-fiction | Central Library, University of Rajshahi | Central Library, University of Rajshahi | 18/03/1974 | Britain | 2 | 547 FIO V-1 1973 | 16/09/2025 | C-2 | Books | 02/09/2025 | |||||
| Dewey Decimal Classification | Non-fiction | Central Library, University of Rajshahi | Central Library, University of Rajshahi | 08/03/1975 | Britain | 547 FIO V-1 1973 | 05/06/2017 | C-3 | Books | |||||||
| Dewey Decimal Classification | Non-fiction | Central Library, University of Rajshahi | Central Library, University of Rajshahi | 18/03/1974 | Britain | 547 FIO V-1 1973 | 05/06/2017 | C-4 | Books | |||||||
| Dewey Decimal Classification | Non-fiction | Central Library, University of Rajshahi | Central Library, University of Rajshahi | 18/03/1974 | Britain | 547 FIO V-1 1973 | 05/06/2017 | C-5 | Books | |||||||
| Dewey Decimal Classification | Non-fiction | Central Library, University of Rajshahi | Central Library, University of Rajshahi | 18/03/1974 | Britain | 547 FIO V-1 1973 | 06/06/2017 | C-6 | Books | |||||||
| Dewey Decimal Classification | Non-fiction | Central Library, University of Rajshahi | Central Library, University of Rajshahi | 18/03/1974 | Britain | 547 FIO V-1 1973 | 06/06/2017 | C-7 | Books | |||||||
| Dewey Decimal Classification | Non-fiction | Central Library, University of Rajshahi | Central Library, University of Rajshahi | 18/03/1974 | Britain | 547 FIO V-1 1973 | 06/06/2017 | C-8 | Books | |||||||
| Dewey Decimal Classification | Non-fiction | Central Library, University of Rajshahi | Central Library, University of Rajshahi | 04/01/2006 | Paragon Enterprises Ltd | 475.00 | 3 | 547 FIO V-1 2002 | 19/01/2025 | C-9 | Books | 17/12/2021 | ||||
| Dewey Decimal Classification | Non-fiction | Central Library, University of Rajshahi | Central Library, University of Rajshahi | 04/01/2004 | Paragon Enterprises Ltd | 475.00 | 2 | 547 FIO V-1 2002 | 19/11/2023 | C-10 | Books | 05/11/2023 | ||||
| Dewey Decimal Classification | Non-fiction | Central Library, University of Rajshahi | Central Library, University of Rajshahi | 18/03/1974 | Britain | 547 FIO 2002 | 02/03/2019 | C-11 | Books | |||||||
| Dewey Decimal Classification | Non-fiction | Central Library, University of Rajshahi | Central Library, University of Rajshahi | 18/03/1974 | Britain | 547 FIO 1973 | 03/03/2019 | C-12 | Books | |||||||
| Dewey Decimal Classification | Non-fiction | Central Library, University of Rajshahi | Central Library, University of Rajshahi | 18/03/1974 | Britain | 547 FIO V-1 1973 | 07/03/2019 | C-13 | Books |